Проблемы гидродинамики и их математические модели

গ্রন্থ-পঞ্জীর বিবরন
প্রধান লেখক: Лаврентьев М. А. Михаил Алексеевич
অন্যান্য লেখক: Шабат Б. В. Борис Владимирович
সংক্ষিপ্ত:Основная цель книги — описание различных гидродинамических эффектов, а также их качественное и количественное объяснение при помощи соответствующих математических моделей. Имеется много постановок задач, еще не получивших решения. Большое место уделено различным приложениям (кумуляция, направленный взрыв, сварка металлов взрывом, проблема цунами, принципы движения рыб и др.).
ভাষা:রুশ
প্রকাশিত: Москва, Наука, 1973
বিষয়গুলি:
বিন্যাস: গ্রন্থ
KOHA link:https://koha.lib.tpu.ru/cgi-bin/koha/opac-detail.pl?biblionumber=171225

MARC

LEADER 00000nam0a2200000 4500
001 171225
005 20231101222937.0
035 |a (RuTPU)RU\TPU\book\185682 
090 |a 171225 
100 |a 20091202d1973 k y0rusy50 ca 
101 0 |a rus 
102 |a RU 
105 |a a z 001zy 
200 1 |a Проблемы гидродинамики и их математические модели  |f М. А. Лаврентьев, Б. В. Шабат 
210 |a Москва  |c Наука  |d 1973 
215 |a 416 с.  |c ил. 
320 |a Библиография в конце глав. 
330 |a Основная цель книги — описание различных гидродинамических эффектов, а также их качественное и количественное объяснение при помощи соответствующих математических моделей. Имеется много постановок задач, еще не получивших решения. Большое место уделено различным приложениям (кумуляция, направленный взрыв, сварка металлов взрывом, проблема цунами, принципы движения рыб и др.). 
606 1 |a Гидродинамика  |2 stltpush  |3 (RuTPU)RU\TPU\subj\6651  |9 34481 
610 1 |a гидродинамика 
610 1 |a проблемы 
610 1 |a математические модели 
610 1 |a математический аппарат 
610 1 |a конформные отображения 
610 1 |a квазиконформные отображения 
610 1 |a плоские задачи 
610 1 |a пространственные задачи 
610 1 |a струи 
610 1 |a неустановившиеся движения 
610 1 |a вихри 
610 1 |a динамическая устойчивость 
610 1 |a взрыв 
675 |a 532.5  |v 3 
700 1 |a Лаврентьев  |b М. А.  |g Михаил Алексеевич 
701 1 |a Шабат  |b Б. В.  |g Борис Владимирович 
801 1 |a RU  |b 63413507  |c 20091202 
801 2 |a RU  |b 63413507  |c 20220818  |g RCR 
942 |c BK